Colección completa de las Encíclicas de su Santidad León XIII: en latín y castellano

Uloženo v:
Podrobná bibliografie
Hlavní autor: Castro Alonso, Manuel de (Autor)
Médium: Kniha
Jazyk:španělština
Vydáno: Valladolid Tipografía y Casa Editorial Cuesta 1900
Vydání:2a. ed
Témata:
Tagy: Přidat tag
Žádné tagy, Buďte první, kdo vytvoří štítek k tomuto záznamu!

MARC

LEADER 00000nam a2200000 a 4500
001 UCZ0844
003 CL-VaPUC
008 950810e19000000SP |||||||||||||||||spa|d
082 0 4 |a 262.91  |b CAS  |2 21 
100 0 |a Castro Alonso, Manuel de  |e author  |9 344156 
245 1 0 |a Colección completa de las Encíclicas de su Santidad León XIII: en latín y castellano 
250 |a 2a. ed 
300 |a v 2 
942 |c BK 
945 |d 19950810 00:00:00  |a aalvarez 
260 |a Valladolid  |b Tipografía y Casa Editorial Cuesta  |c 1900 
500 |a v.2: Encíclicas publicadas desde el año 1892, hasta la terminación de su Pontificado 
600 0 7 |a LEON XIII, PAPA  |2 CL-VaPUC  |9 344157 
650 0 |a Encíclicas  |9 255643 
650 0 |a Documentos pontificios   |9 255642 
583 |a last modification  |c 19950810 00:00:00  |k Rodrigo Vera 
999 |c 237738  |d 237736 
952 |0 0  |1 0  |4 0  |6 262_910000000000000_CAS_1900  |7 0  |8 P  |9 247397  |a BIBTEO  |b BIBTES  |c TEO_FTES  |d 2019-11-18  |h v.2  |i 3108848  |o 262.91 CAS 1900  |p 3108848  |r 2024-01-18  |w 2019-11-18  |y BK  |k ICR 
952 |0 0  |1 0  |4 0  |6 262_910000000000000_CAS_1900  |7 0  |8 X  |9 247398  |a BIBDER  |b BIBDER  |d 2019-11-18  |h v.1  |i 1809113  |o 262.91 CAS 1900  |p 1809113  |r 2023-01-25  |w 2019-11-18  |y BK_X  |k DER 
952 |0 0  |1 0  |4 0  |6 262_910000000000000_CAS_1900  |7 0  |8 X  |9 247399  |a BIBDER  |b BIBDER  |d 2019-11-18  |h v.2  |i 1809121  |o 262.91 CAS 1900  |p 1809121  |r 2023-01-25  |w 2019-11-18  |y BK_X  |k DER